Quizzes
Events
Quiz Creation
Community
Videos
Private Events
Remove Ads
Sign In
Join for FREE
Feedback
Dark Mode
Quiz Categories
Sports
Geography
Music
Movies
Television
Just For Fun
Miscellaneous
History
Literature
Language
Science
Gaming
Entertainment
Religion
Holiday
For Kids
Quiz Lab
Recent
Popular Today
Quiz Kudos Today
Editor Picks
Curator Picks
Quizzes by...
Day
Popularity
Type
Ratings
Length
Year
Community
Subscriptions
Recent Discussions
Orange Saloon
Badges
Playlists
Quests
Create
Leaderboards
Showdown
Live 5
Trivia Bingo
Activity
Puzzle Library
Sporcle Events
Private Events
Virtual Trivia
Globe League
Become a Host
Pub Owners
SporcleCon
Opinionation
Our Games
Videos
Blog
Mobile Apps
Partnerships
Remove Ads and Go Orange
Feedback
Language
Vocabulary
Begins and Ends
Definition
Spanish
French
German
Italian
Chinese
Latin
Translation
Japanese
Language
Vocabulary
Begins and Ends
Definition
Spanish
French
German
Italian
Chinese
Latin
Translation
Japanese
Random Quiz
Search Sporcle
×
Quiz Lab
Quiz Lab
Language
Latin
Type in answers that appear in a list
Type in answers that appear in a list
Classic
Best Score? Go Orange.
Practice with Verbs (Chapters 7-9) Stats
Can you name the Practice with verbs and Adjectives (Chapters 7-9)?
By
Isaeus
20m
16 Questions
14 Plays
14 Plays
14 Plays
Comments
Comments
Give Quiz Kudos
Give Quiz Kudos
-
- Ratings
hide this ad
Forced Order
Answers have to be entered in order
Answers have to be entered in order
Random Order
Randomize order of answers
Randomize order of answers
Replay
Link that replays current quiz
Next Quiz
Link to next quiz in quiz playlist
You Got
0%
They Got
Avg Score
89%
Avg Friend Score
Upgrade to see
Score Distribution
Jump to the score distribution portion of the page
Score
0/16
Timer
20:00
0
Plays Today
Latin Word
Remaining Principal Parts
% Correct
audio
audire audivi auditum
100%
navigo
navigare navigavi navigatum
100%
aestimo
aestimare aestimavi aestimatum
92.9%
dico
dicere dixi dictum
92.9%
gero
gerere gessi gestum
92.9%
intellego
intellegere intellexi intellectum
92.9%
libero
liberare liberavi liberatum
92.9%
puto
putare putavi putatum
92.9%
Latin Word
Remaining Principal Parts
% Correct
scio
scire scivi scitum
92.9%
sentio
sentire sensi sensum
92.9%
venio
venire veni ventum
92.9%
vinco
vincere vici victum
92.9%
credo
credere credidi creditum
85.7%
peto
petere petivi petitum
78.6%
decerno
decernere decrevi decretum
71.4%
invideo
invidere invidi invisum
71.4%
Quiz Playlist
Details
Report
Send in Message
Add To Playlist
Classic:
Type in answers that appear in a list
Forced Order:
Answers have to be entered in order
Random Order:
Randomize order of answers
Last Updated: Feb 16, 2017
Quiz Scoreboard
CHALLENGE
Sign Up to Join the Scoreboard
Show All
Scores
Hide
Comments
May contain spoilers
Recently Published
1-10 Letter E Words III
by El_Dandy
Language
2m
One Thing in Common: World Cities II
by knightlancer
Geography
7m
Popular People in 1961
by mucciniale
History
6m
More to Explore
Quiz From the Vault
Featured Blog Post
Where Did the Easter Bunny Come From?
hide this ad
You Might Also Like...
Tags
Latin Quiz
Adjective
Chapter
English
practice
principal
Remaining
Verb
Today's Top Quizzes in Language
Browse Language
hide this ad
Today's Top Quizzes in Latin
Browse Latin
Top Contributed Quizzes in Language
1
Order Up: Top 10 Most Native Spoken Languages
2
1-10 Letter F Words III
3
1-10 Letter G Words III
4
Hiragana Speed Reading
5
1-10 Letter H Words III
6
Vocabulary 5
7
One Thing in Common: Italy
8
1-10 Letter I Words III
9
Begins and Ends With AN
10
1-10 Letter J Words III
Explore More
Trending Topics
NBA
Marvel
Kpop
Crossword
Disney
Harry Potter
Anime
The Office
WWE
Soccer
Pokémon
Country
Puzzle
Song
NFL
hide this ad
More By:
Isaeus
Quiz
Plays
Rating
Category
Featured
Created
Greek Roots (2011-2012)
371
4.40
Language
Aug 19, 2011
Greek Roots I-VI (HG 2010-2011)
328
4.50
Language
Jan 7, 2011
Latin-English Vocabulary for Chapters 14-15 (Book 1)
285
Language
Nov 11, 2011
Greek Roots I-II
213
3.00
Language
Nov 1, 2010
Latin-English Non-Subjunctive Verb Form Review
191
3.50
Language
May 15, 2012
Go to Creator's Profile
Score Distribution
Quiz Creator Spotlight
Isaeus
Follow
Send a Message
Quizzes Created
-
Created Quiz Play Count
-
More By This Creator
Popular Quizzes Today
1
Find the US States - No Outlines Minefield
2
The Countries of the World
3
Popular People in 1961
4
Find the Countries of Europe - No Outlines Minefield
5
1-10 Letter E Words III
6
Find the US States
7
One Thing in Common: World Cities II
8
US States
More Language Quizzes
''G'' Words to German and French
Quiz Lab
Trending Quizzes
1-10 Letter F Words
1-10 Letter G Words
Risky Map Clicking: Next State Alphabetically
1-10 Letter F Words II
Risky Map Clicking: States by Unique Starting Letters
Recently Updated
Leaping Animals
pecheneg
Reality TV Shows (A-Z)
bhenderson79
Rickey Henderson's Hall of Fame Teammates
pecheneg
Champions League XIs: Arsenal
pecheneg
Quick Pick: Celebrities in WWE's Hall of Fame
aduchscher
A-Z Keypad Blitz II
pecheneg
Multiple Oscar Actors
pecheneg
Mystery Phrase Blitz: Oscar 'Best Actors'
pecheneg
F. Scott Fitzgerald Novels
LTH
Pick 3 Villains
ddd62291
Trending Topics
Kpop
NBA
Disney
Harry Potter
Crossword
Marvel
Anime
Country
The Office
NFL
Song
Puzzle
Pokémon
WWE
Soccer
Your Account Isn't Verified!
In order to create a playlist on Sporcle, you need to verify the email address you used during registration. Go to your
Sporcle Settings
to finish the process.
Report this User
Report this user for behavior that violates our
Community Guidelines
.
Details:
Send Report
Go to the Sporcle.com Mobile Site →
Comments